Transporte marítimo de hidrocarburos

Uloženo v:
Podrobná bibliografie
Korporativní autor: UNCTAD (Autor)
Médium: Kniha
Jazyk:španělština
Vydáno: Manila OEA 1978
Edice:TD-222, 3. Documento complementario, 14b
Témata:
Tagy: Přidat tag
Žádné tagy, Buďte první, kdo vytvoří štítek k tomuto záznamu!

MARC

LEADER 00000nam a2200000 a 4500
001 UCU6464
003 CL-VaPUC
005 20240829121957.0
008 960621e19780000ph 1 spa d
082 0 4 |a 387.5  |b UNC  |2 21 
110 2 |a UNCTAD  |e author  |9 617826 
245 1 0 |a Transporte marítimo de hidrocarburos 
260 |a Manila  |b OEA  |c 1978 
300 |a 37 p 
490 0 |a TD-222, 3. Documento complementario, 14b 
583 |a last modification  |c 19960621 00:00:00  |k Rodrigo Vera 
650 0 0 |a Transporte marítimo  |9 260127 
650 0 0 |a Transporte de mercancias  |9 358742 
650 0 7 |a SERVICIOS DE TRANSPORTE  |2 CL-VaPUC  |9 358013 
650 0 7 |a POLITICA DE TRANSPORTES  |2 CL-VaPUC  |9 358677 
650 0 0 |a Rutas marítimas  |9 339718 
650 0 0 |a Tráfico marítimo  |9 348395 
650 0 7 |a HIDROCARBUROS  |2 CL-VaPUC  |9 344783 
942 |c BK 
945 |a cmena  |d 19960621 00:00:00 
546 |a En Español 
518 |p Conferencia de las Naciones Unidas sobre Comercio y Desarrollo. Transporte Marítimo: participación de los Países en Desarrollo en el Transporte Marítimo Mundial y Desarrollo de sus Marinas Mercantes, 5, Manila, 7 de Mayo de 1979 
999 |c 382666  |d 382664